Colonialism in question: theory, knowledge, history (Record no. 24165)
[ view plain ]
| 000 -LEADER | |
|---|---|
| fixed length control field | 00599nam a2200181Ia 4500 |
| 005 - DATE AND TIME OF LATEST TRANSACTION | |
| control field | 20250520112726.0 |
| 008 - FIXED-LENGTH DATA ELEMENTS--GENERAL INFORMATION | |
| fixed length control field | 231207s9999 xx 000 0 und d |
| 020 ## - INTERNATIONAL STANDARD BOOK NUMBER | |
| International Standard Book Number | 9780520244146 |
| 040 ## - CATALOGING SOURCE | |
| Transcribing agency | PK-LaNCA |
| 082 ## - DEWEY DECIMAL CLASSIFICATION NUMBER | |
| Classification number | 325.6 |
| Item number | COO |
| 100 ## - MAIN ENTRY--PERSONAL NAME | |
| Author Name | Cooper, Frederick |
| 245 #0 - TITLE STATEMENT | |
| Title | Colonialism in question: theory, knowledge, history |
| Statement of responsibility, etc. | Frederick Cooper |
| 260 ## - PUBLICATION, DISTRIBUTION, ETC. | |
| Name of publisher, distributor, etc. | University of California Press |
| Place of publication, distribution, etc. | Berkeley |
| Date of publication, distribution, etc. | 2005 |
| 300 ## - PHYSICAL DESCRIPTION | |
| Pages | xii, 327p |
| 546 ## - LANGUAGE NOTE | |
| Language note | English |
| 650 ## - SUBJECT ADDED ENTRY--TOPICAL TERM | |
| Subject | Africa--Colonization--Historiography, Decolonization--Africa--Historiography, Imperialism--Historiography |
| 942 ## - ADDED ENTRY ELEMENTS (KOHA) | |
| Koha item type | M. Phil. |
| 999 ## - | |
| -- | 24165 |
| -- | 24165 |
| Withdrawn status | Weedout from Library | Permanent Location | Current Location | Shelving location | Date acquired | Full call number | Barcode | Price effective from | Koha item type |
|---|---|---|---|---|---|---|---|---|---|
| NATIONAL COLLEGE OF ARTS, LAHORE - LIBRARY | NATIONAL COLLEGE OF ARTS, LAHORE - LIBRARY | M.Phil Section Basement of Library | 08/12/2023 | 325.6 COO 28508 | 28508 | 08/12/2023 | M. Phil. |